INDIAN JOURNAL OF MICROBIOLOGY (Record no. 16173)

MARC details
000 -LEADER
fixed length control field 00473nam a2200145Ia 4500
022 ## - INTERNATIONAL STANDARD SERIAL NUMBER
ISSN 0046-8991
245 #0 - TITLE STATEMENT
Title INDIAN JOURNAL OF MICROBIOLOGY
260 ## - PUBLICATION, DISTRIBUTION, ETC. (IMPRINT)
Name of publisher Association of Microbiologists of India, Hissar, Haryana
Place of publication India
310 ## - CURRENT PUBLICATION FREQUENCY
Current publication frequency Q
500 ## - GENERAL NOTE
General note Ending Volume & Year: 39, 1999
500 ## - GENERAL NOTE
General note Missing Volume: 14(4);18(4);20(1);23(1,3);25;26;29;30;33;35(3)
500 ## - GENERAL NOTE
General note Starting Volume & Year: 13, 1973
942 ## - ADDED ENTRY ELEMENTS (KOHA)
Koha item type Bound Journal
Holdings
Withdrawn status Lost status Damaged status Not for loan Home library Current library Date acquired Accession Number Koha item type
      Bound journals RRII Library RRII Library 31/12/2021 15934J Bound Journal